=LDR 00000nam 2200000 4500 =001 INLIS000000001053349 =005 20250210024534 =035 ##$$a 0010-0225000044 =245 ##$$a Nasionalisme elit pemuda =250 ##$$a Cetakan pertama =300 ##$$a ix, 105 halaman ; $c 14 x 20 cm =260 ##$$a Jakarta :$b Yayasan Genta Hati,$c 2011 =082 ##$$a 320.54 =084 ##$$a 320.54 NAS n =600 #4$$a Nasionalisme =008 250210################g##########0#ind## =990 ##$$a 3202500113